| 000 | 00700nam a22002297a 4500 | ||
|---|---|---|---|
| 003 | OSt | ||
| 005 | 20251205024647.0 | ||
| 008 | 251205b |||||||| |||| 00| 0 eng d | ||
| 020 | _a9780446673877 | ||
| 040 |
_aDWC-Main lib. _cOC |
||
| 082 |
_2Revised edition. _aCirc. 306.09 S464c 1999 |
||
| 100 | _aSeligman, Scott D. | ||
| 245 |
_aChinese business etiquette/ _cScott D. Seligman |
||
| 260 |
_aNY : _bWarner Business Book, _cc1999. |
||
| 300 |
_axxi, 281 pages : _billustrations ; _c21cm. |
||
| 504 | _aIncludes index. | ||
| 650 | _a1. Business etiquette. | ||
| 650 | _a2. China. | ||
| 650 | _a3. Commerce. | ||
| 760 | _bRevised edition. | ||
| 942 |
_2ddc _cBK-CIRC _eRevised edition. _kCirc. _n0 |
||
| 999 |
_c6913 _d6913 |
||